| 000 | 00861cam a22001815a 4500 | ||
|---|---|---|---|
| 001 | L157547 | ||
| 008 | 130115e19470901xxk f 000 0 eng d | ||
| 035 | _a(Sirsi) u157547 | ||
| 041 | 0 | _aeng | |
| 110 | 2 |
_aRoyal Institution of Chartered Surveyors _94900 |
|
| 245 | 0 | 0 |
_aAdmission to the examinations and membership of the Institute _bguide for the use of the Elections Committee and Honorary Secretaries of the Branches |
| 260 |
_aLondon _bRICS _c1947 |
||
| 300 |
_a20 p. _c22 cm. |
||
| 520 | _aPrepared to inform the work of the Elections Committee in advising the Council on applications for Studentship, examination, election as a Fellow, Colonial Fellow and Professional Associate, transfer from Professional Associate to Fellow and for reinstatement to membership. | ||
| 651 | 4 |
_aGreat Britain _y1707- |
|
| 690 | _aBusiness and management | ||
| 942 | _n0 | ||
| 999 |
_c114829 _d114829 |
||